[Event "Primorsko op"]
[Site "Primorsko"]
[Date "2016.09.19"]
[Round "2"]
[White "Raondi, Yan Martin"]
[Black "Galunov, Georgi"]
[Result "0-1"]
[WhiteElo "1563"]
[BlackElo "1856"]
[PlyCount "49"]
[EventDate "2016.09.18"]
[EventType "swiss"]
[EventRounds "9"]
[EventCountry "BUL"]
[SourceTitle "CBM 174 Extra"]
[Source "ChessBase"]
[SourceDate "2016.10.10"]
[SourceVersion "1"]
[SourceVersionDate "2016.10.10"]
[SourceQuality "1"]

1. d4 d5 2. c4 c6 3. cxd5 cxd5 4. Nf3 Nf6 5. Nc3 e6 6. Bf4 Nc6 7. e3 Bb4 8. Rc1 Ne4 9. a3 Nxc3 10. bxc3 Bxa3 11. Rb1 0-0 12. c4 Bb4+ 13. Nd2 Qa5 14. Bd3 dxc4 15. Bxc4 b5 16. Bd3 Bb7 17. f3 Ne7 18. Ke2 Nd5 19. Ne4 f5 20. Ra1 fxe4 21. Rxa5 Nc3+ 22. Kd2 Nxd1+ 23. Kxd1 Bxa5 24. Bxb5 exf3 25. gxf3 0-1

[Event "Albena Vivacom op"]
[Site "Albena"]
[Date "2015.09.17"]
[Round "5"]
[White "Vatkovski, Mitko"]
[Black "Raondi, Yan Martin"]
[Result "1-0"]
[WhiteElo "1739"]
[BlackElo "1665"]
[PlyCount "93"]
[EventDate "2015.09.14"]
[EventType "swiss"]
[EventRounds "9"]
[EventCountry "BUL"]
[SourceTitle "EXT 2016"]
[Source "ChessBase"]
[SourceDate "2015.10.08"]
[SourceVersion "1"]
[SourceVersionDate "2015.10.08"]
[SourceQuality "1"]

1. c4 e6 2. Nc3 d5 3. cxd5 exd5 4. d4 Nf6 5. Nf3 Be7 6. e3 c6 7. Be2 Nbd7 8. 0-0 0-0 9. h3 Re8 10. Qc2 Nf8 11. a3 Be6 12. Ng5 Bc8 13. b4 h6 14. Nf3 Bd6 15. b5 Bd7 16. a4 Rc8 17. Qb3 b6 18. Ba3 Qe7 19. Bxd6 Qxd6 20. Ne5 cxb5 21. Nxd7 N8xd7 22. Nxb5 Qb8 23. Qb4 Rc2 24. Bd3 Rc6 25. Rfc1 Rec8 26. Rxc6 Rxc6 27. Nc3 Qc8 28. Nb5 a5 29. Qb2 Qb8 30. g3 g6 31. Ra3 Ne8 32. Rc3 Qb7 33. Rb3 Nd6 34. Nxd6 Rxd6 35. Rb5 Nf6 36. Qc3 Rc6 37. Qxa5 Rc1+ 38. Kg2 Ra1 39. Rxb6 Qc7 40. Qa8+ Kg7 41. Rc6 Qd7 42. Qa6 Ne4 43. Qc8 Qe7 44. Qc7 Qa3 45. Qe5+ Kh7 46. Bxe4 dxe4 47. Rc8 1-0

[Event "Prague Summer op-B 2nd"]
[Site "Prague"]
[Date "2015.08.12"]
[Round "7"]
[White "Pulpan, Matej"]
[Black "Raondi, Yan Martin"]
[Result "1-0"]
[WhiteElo "1861"]
[BlackElo "1659"]
[PlyCount "47"]
[EventDate "2015.08.07"]
[EventType "swiss"]
[EventRounds "9"]
[EventCountry "CZE"]
[SourceTitle "EXT 2017"]
[Source "ChessBase"]
[SourceDate "2016.10.25"]
[SourceVersion "1"]
[SourceVersionDate "2016.10.25"]
[SourceQuality "1"]

1. e4 c6 2. d4 d5 3. exd5 cxd5 4. c4 Nf6 5. Nc3 e6 6. Bg5 Be7 7. Bxf6 Bxf6 8. cxd5 exd5 9. Nf3 Nc6 10. Be2 0-0 11. 0-0 Be6 12. h3 Qb6 13. Na4 Qc7 14. Rc1 Rac8 15. Nc5 Qb8 16. Qa4 Rc7 17. Rc2 Rfc8 18. Rfc1 Bf5 19. Rc3 Bd7 20. Bb5 Bxd4 21. Nxd4 Nxd4 22. Nxd7 Ne2+ 23. Bxe2 Rxc3 24. Rxc3 1-0

[Event "Prague Summer op-B 2nd"]
[Site "Prague"]
[Date "2015.08.10"]
[Round "5"]
[White "Mihal, Sergej"]
[Black "Raondi, Yan Martin"]
[Result "1-0"]
[WhiteElo "1825"]
[BlackElo "1659"]
[PlyCount "43"]
[EventDate "2015.08.07"]
[EventType "swiss"]
[EventRounds "9"]
[EventCountry "CZE"]
[SourceTitle "EXT 2017"]
[Source "ChessBase"]
[SourceDate "2016.10.25"]
[SourceVersion "1"]
[SourceVersionDate "2016.10.25"]
[SourceQuality "1"]

1. e4 c6 2. g3 d5 3. e5 Bf5 4. d4 e6 5. Bd3 Bxd3 6. Qxd3 Qb6 7. f4 Qa6 8. Qe3 Nd7 9. Ne2 c5 10. c3 Ne7 11. dxc5 Nf5 12. Qf3 Bxc5 13. g4 Ne7 14. Nd2 Rc8 15. Nb3 Bb6 16. Be3 Bxe3 17. Qxe3 Qb6 18. Ned4 Nc5 19. Nxc5 Qxb2 20. Ncb3 Rxc3 21. Qd2 Rxb3 22. Nxb3 1-0

[Event "Albena Masters op"]
[Site "Albena"]
[Date "2013.06.02"]
[Round "2"]
[White "Mladenov, Emil"]
[Black "Raondi, Yan Martin"]
[Result "1-0"]
[WhiteElo "2119"]
[BlackElo "1659"]
[PlyCount "63"]
[EventDate "2013.06.01"]
[EventType "swiss"]
[EventRounds "9"]
[EventCountry "BUL"]
[SourceTitle "CBM 154 Extra"]
[Source "ChessBase"]
[SourceDate "2013.06.25"]
[SourceVersion "2"]
[SourceVersionDate "2013.06.25"]
[SourceQuality "1"]

1. e4 e5 2. Nc3 Bc5 3. g3 d6 4. Bg2 Ne7 5. Na4 Na6 6. Ne2 Bd7 7. Nxc5 Nxc5 8. d4 exd4 9. Nxd4 c6 10. 0-0 0-0 11. b4 Ne6 12. Bb2 Qc7 13. c4 Rad8 14. Nf5 Bc8 15. h4 Rfe8 16. Qg4 Ng6 17. f4 Qb6+ 18. Kh2 Qxb4 19. Rab1 Qc5 20. h5 Nef8 21. h6 Ne6 22. hxg7 Nxg7 23. Bxg7 Bxf5 24. exf5 Kxg7 25. fxg6 hxg6 26. f5 Rh8+ 27. Bh3 Qe3 28. Rbe1 Qd2+ 29. Re2 Rxh3+ 30. Kxh3 Rh8+ 31. Kg2 Qh6 32. f6+ 1-0

[Event "Kesarovski Georgiev Memorial 11th"]
[Site "Sunny Beach"]
[Date "2012.09.05"]
[Round "5"]
[White "Raondi, Yan Martin"]
[Black "Koelbl, Ines"]
[Result "0-1"]
[WhiteElo "1682"]
[BlackElo "1801"]
[PlyCount "47"]
[EventDate "2012.09.01"]
[EventType "swiss"]
[EventRounds "9"]
[EventCountry "BUL"]
[SourceTitle "CBM 150 Extra"]
[Source "ChessBase"]
[SourceDate "2012.10.19"]
[SourceVersion "1"]
[SourceVersionDate "2012.10.19"]
[SourceQuality "1"]

1. Nf3 c6 2. c4 d6 3. Nc3 e5 4. d4 Nd7 5. dxe5 dxe5 6. Nxe5 Nxe5 7. Qxd8+ Kxd8 8. b3 Be6 9. Bf4 Ng6 10. 0-0-0+ Ke8 11. Bg3 Nf6 12. f3 Bc5 13. e4 Ke7 14. Be2 Nh5 15. Be1 Rhd8 16. Bd2 Nhf4 17. g3 Nd3+ 18. Kc2 Nf2 19. Bg5+ f6 20. Rxd8 Rxd8 21. Bxf6+ gxf6 22. Rf1 Be3 23. Nd1 Rd2+ 24. Kc3 0-1

[Event "Moscow op-E"]
[Site "Moscow"]
[Date "2011.01.31"]
[Round "3.251"]
[White "Raondi, Yan Martin"]
[Black "Gulgonov, Danzan"]
[Result "0-1"]
[WhiteElo "1692"]
[BlackElo "1927"]
[PlyCount "72"]
[EventDate "2011.01.29"]
[EventType "swiss"]
[EventRounds "9"]
[EventCountry "RUS"]
[SourceTitle "EXT 2022"]
[Source "ChessBase"]
[SourceDate "2021.10.06"]
[SourceVersion "1"]
[SourceVersionDate "2021.10.06"]
[SourceQuality "1"]

1. Nf3 Nf6 2. d4 g6 3. Bf4 Bg7 4. h3 0-0 5. Nbd2 d6 6. e3 Nbd7 7. Bc4 Re8 8. c3 d5 9. Bb3 c6 10. 0-0 Nh5 11. Bh2 e5 12. dxe5 Nxe5 13. Nxe5 Bxe5 14. Bxe5 Rxe5 15. Nf3 Re8 16. Qe2 Qf6 17. Nh2 Bd7 18. Qf3 Qg7 19. Rad1 b5 20. Rd2 Nf6 21. Bc2 Re7 22. Rfd1 Rae8 23. Rd4 a6 24. a3 a5 25. Ng4 Bxg4 26. hxg4 h6 27. Qf4 Rd7 28. g5 hxg5 29. Qxg5 Rde7 30. Rh4 Re5 31. Qh6 Qxh6 32. Rxh6 Nh5 33. Bxg6 fxg6 34. Rxg6+ Kf7 35. Rxc6 Rb8 36. Rc5 Nf6 0-1